Vocabulaire Espagnol #2 - Cliquez sur l'image - Statistiques

Statistiques générales
  • Ce quiz a été pris 22 329 fois
  • Le résultat moyen est 17 sur 24
Réponses sur la Carte
Les réponses sont colorées sur une échelle allant du rouge au vert en fonction du pourcentage des utilisateurs qui les ont devinées à leur premier essai. Vous pouvez retrouver ces pourcentages ci-dessous.
 
Statistiques - réponses
Réponse % Correct
Una regla
85%
Una serpiente
84%
Un avión
84%
Una fresa
83%
El sol
82%
Un coco
82%
Una araña
81%
Una maleta
81%
Una nariz
80%
Una ballena
79%
Un fantasma
78%
Un chile
75%
Una vaca
72%
Una ventana
72%
Un coche
72%
Un zapato
68%
Un destornillador
67%
Una bañera
65%
Una mariposa
61%
Un dado
59%
Un arcoíris
55%
Un cuchillo
55%
Un pájaro
54%
Uvas
54%
Aucun quiz correspondant
Distribution des résultats
% des personnes avec chaque résultat
Percentile par nombre de réponses
Votre historique - résultats
Vous n’avez pas pris ce quiz